[Event "ROM-chT"]
[Site "ROM"]
[Date "1993.??.??"]
[Round "5"]
[White "Gheorghiu, Florin"]
[Black "Piskov, Yury"]
[Result "1/2-1/2"]
[WhiteElo "2475"]
[BlackElo "2520"]

1.e4 e6 2.d4 d5 3.Nc3 Nf6 4.e5 Nfd7 5.f4 c5 6.Nf3 Nc6 7.Be3 cxd4 8.Nxd4 Qb6
9.a3 Bc5 10.Na4 Qa5+ 11.Nc3 Qb6  1/2-1/2

[Event "San Sebastian op"]
[Site "San Sebastian"]
[Date "1993.??.??"]
[Round "?"]
[White "Vehi Bach, Victor Manuel"]
[Black "Alvarez Ibarra, D Rafael"]
[Result "1-0"]
[WhiteElo "2390"]
[BlackElo "2420"]

1.e4 e6 2.d4 d5 3.Nc3 Nf6 4.e5 Nfd7 5.Nce2 c5 6.c3 Nc6 7.f4 cxd4 8.cxd4 f5
9.Nf3 Be7 10.g3 Nb6 11.Nc3 Bd7 12.Bd3 Rc8 13.O-O O-O 14.h3 Be8 15.g4 Bg6
16.Rf2 Qe8 17.Rg2 fxg4 18.hxg4 Bxd3 19.Qxd3 Qg6 20.Qe2 Nb4 21.Ne1 Bh4 22.Nf3 Be7
23.Ne1 Nc4 24.a3 Nc6 25.Nf3 N6a5 26.f5 Qf7 27.Ng5 Bxg5 28.Bxg5 Nb3 29.Rd1 h6
30.Bh4 Rc6 31.Qd3 Rfc8 32.Nxd5 exd5 33.Qxb3 Rb6 34.Qf3 Nxb2 35.Re1 Nc4 36.e6 Qe8
37.g5 hxg5 38.Bxg5 Rb2 39.f6 Rxg2+ 40.Qxg2 Qg6 41.f7+ Kf8 42.Qxd5  1-0

[Event "Seefeld op"]
[Site "Seefeld"]
[Date "1993.??.??"]
[Round "3"]
[White "Kubacsny, Laszlo"]
[Black "Scholvin, Erich"]
[Result "1-0"]
[WhiteElo "2320"]
[BlackElo "2100"]

1.e4 e6 2.d4 d5 3.Nc3 Nf6 4.e5 Nfd7 5.f4 c5 6.Nf3 Nc6 7.Be3 g6 8.Qd2 a6 9.O-O-O c4
10.f5 gxf5 11.Rg1 b5 12.g4 Nb6 13.Bg5 Be7 14.gxf5 exf5 15.Bxe7 Nxe7 16.Qh6 Be6
17.Ng5 Kd7 18.Bh3 Na4 19.Ne2 Ng6 20.Rdf1 Qf8 21.Qxf8 Raxf8 22.Bxf5 h6 23.Nxe6  1-0

[Event "Seefeld op"]
[Site "Seefeld"]
[Date "1993.??.??"]
[Round "6"]
[White "Rausch, Stephan"]
[Black "Scholvin, Erich"]
[Result "1-0"]
[WhiteElo "2315"]
[BlackElo "2100"]

1.e4 e6 2.d4 d5 3.Nc3 Nf6 4.e5 Nfd7 5.f4 c5 6.Nf3 Nc6 7.Be3 g6 8.Qd2 a6 9.Ne2 b5
10.g3 Qc7 11.Bg2 Bb7 12.O-O h5 13.h3 cxd4 14.Nfxd4 Nxd4 15.Nxd4 Bc5 16.c3 Nb6
17.Qf2 Bxd4 18.Bxd4 Nd7 19.Qe3 O-O-O 20.a4 Bc6 21.axb5 Bxb5 22.Ra3 Kb7 23.Rc1 Nb6
24.b3 Bc6 25.Kh2 Ra8 26.Rca1 Bb5 27.Ra5 Rhb8 28.Bc5 Rc8 29.Bb4 Qd7 30.c4 Bxc4
31.Bc5 Rxc5 32.Qxc5 Bb5 33.Qa3 Nc8 34.Bf1 Bxf1 35.Rxf1 Na7 36.Rc1 Nb5 37.Qc5 Ra7
38.Ra2 d4 39.Rac2 Nc3 40.Rd2 Nb5 41.Rc4 Qd5 42.Qb4 d3 43.Rc5 Qf3 44.Rc3 h4
45.gxh4 f5 46.Rcxd3 Qe4 47.Rd7+  1-0

[Event "Seefeld op"]
[Site "Seefeld"]
[Date "1993.??.??"]
[Round "6"]
[White "Werner, Bernd"]
[Black "Weinzettl, Ernst"]
[Result "0-1"]
[WhiteElo "2240"]
[BlackElo "2330"]

1.e4 e6 2.d4 d5 3.Nc3 Nf6 4.e5 Nfd7 5.f4 c5 6.Nf3 Nc6 7.Be3 a6 8.Qd2 b5 9.dxc5 Qa5
10.Bd3 b4 11.Ne2 Bxc5 12.O-O Qb6 13.Bxc5 Qxc5+ 14.Kh1 h6 15.Ng3 g6 16.h4 Bb7
17.a3 Qe7 18.c4 bxc3 19.bxc3 Nc5 20.Bc2 Na5 21.Qf2 Nc4 22.f5 gxf5 23.Bxf5 Ne4
24.Bxe4 dxe4 25.Nh2 Rg8 26.Qf4 O-O-O 27.Rfb1 Rd3 28.Nxe4 Nd2 29.Rb4 Nxe4
30.Rxe4 Bxe4 31.Qxe4 Qb7 32.Qc4+ Kb8 33.Rg1 Rd1 34.Nf1 h5 35.Ne3 Rxg1+ 36.Kxg1 Qb6
37.Kf2 Rc8 38.Qd3 Ka7 39.Kg3 Qc5 40.Qd4 Qxd4 41.cxd4 Rc3 42.Kf4 Rxa3 43.g4 hxg4
44.h5 g3 45.Ng2 Rd3 46.h6 Rxd4+ 47.Kxg3 a5 48.Ne3 a4 49.Nc2 Rd8 50.Kh4 Kb6
51.Kg5 Rg8+ 52.Kh5 Rg2 53.Na3 Kc5  0-1

[Event "Seefeld op"]
[Site "Seefeld"]
[Date "1993.??.??"]
[Round "7"]
[White "Piepho, Niels"]
[Black "Dittmar, Peter"]
[Result "0-1"]
[WhiteElo "1980"]
[BlackElo "2270"]

1.e4 e6 2.d4 d5 3.Nc3 Nf6 4.e5 Nfd7 5.Nce2 c5 6.c3 Nc6 7.Nf3 Qb6 8.g3 f6
9.exf6 Nxf6 10.Bg2 Bd6 11.O-O O-O 12.b3 Ne4 13.Ng5 Nxg5 14.Bxg5 cxd4 15.cxd4 Bd7
16.Be3 Rac8 17.Nc3 Ne7 18.Na4 Bxa4 19.bxa4 Rc4 20.Rb1 Qa6 21.a5 Bb4 22.Bh3 Bxa5
23.Bg4 Qc6 24.Be2 Rb4 25.Rxb4 Bxb4 26.Qb3 Bd6 27.Bb5 Qc7 28.Rc1 Qd8 29.Qa4 a6
30.Bd7 Rf6 31.Be8 Rf8 32.Bd7 Rf6 33.Be8 h6 34.Qd7 Qxd7 35.Bxd7 Kf7 36.a4 Nf5
37.Rb1 Nxe3 38.fxe3 Rf3 39.Rxb7 Rxe3 40.Bb5+ Kf6 41.Bxa6 Be7 42.Rb2 Bd8 43.Re2 Rxe2
44.Bxe2 Bb6 45.Kf1 Bxd4 46.a5 e5 47.Bb5 e4 48.Ke2 Ke5 49.a6 Bb6 50.Kd2 d4
51.Kc2 Kd5 52.Be8 Ke5 53.Bb5 Kf5 54.Bd7+ Kg5 55.Bc6 Kg4 56.Bxe4 Kh3 57.Bf5+ Kxh2
58.g4 Kg3 59.Kd3 Kf4 60.Ke2 h5 61.Be6 hxg4 62.Bc4 Kg3 63.Be6 Ba7 64.Bf5 Kf4
65.Bd7 Kg3 66.Bf5 g5 67.Be4 Kh2 68.Kf1 g3 69.Bf3 d3  0-1

[Event "SLO-chT"]
[Site "?"]
[Date "1993.??.??"]
[Round "?"]
[White "Mohr, Georg"]
[Black "Karnar, Marijan"]
[Result "1-0"]
[WhiteElo "2450"]
[BlackElo "2255"]

1.e4 e6 2.d4 d5 3.Nc3 Nf6 4.e5 Nfd7 5.f4 c5 6.Nf3 Nc6 7.Be3 cxd4 8.Nxd4 a6
9.Qd2 Qc7 10.Bd3 Nc5 11.O-O g6 12.Rac1 Bd7 13.Qf2 Nxd4 14.Bxd4 Rc8 15.Qe3 h5
16.b4 Nxd3 17.cxd3 Qb8 18.Nxd5 Bg7 19.Ba7  1-0

[Event "SLO-chT"]
[Site "?"]
[Date "1993.??.??"]
[Round "?"]
[White "Markun, Bostjan"]
[Black "Zugaj, Fjodor"]
[Result "1-0"]
[WhiteElo "2250"]
[BlackElo "2205"]

1.e4 e6 2.d4 d5 3.Nc3 Nf6 4.e5 Nfd7 5.f4 c5 6.Nf3 Nc6 7.Be3 a6 8.Qd2 cxd4
9.Nxd4 Bc5 10.O-O-O Bxd4 11.Bxd4 O-O 12.h4 b5 13.h5 h6 14.g4 b4 15.Ne2 Qa5
16.Kb1 Nc5 17.Bxc5 Qxc5 18.Rg1 a5 19.g5 hxg5 20.Rxg5 f6 21.exf6 Rxf6 22.Bh3 Ba6
23.Nc1 Qd6 24.Rdg1 Ra7 25.Rg6 e5 26.Rxf6 Qxf6 27.Qxd5+ Kh7 28.Qe4+  1-0

[Event "SLO-chT"]
[Site "?"]
[Date "1993.??.??"]
[Round "?"]
[White "Justin, Matijaz"]
[Black "Karnar, Marijan"]
[Result "1-0"]
[WhiteElo "2385"]
[BlackElo "2255"]

1.e4 e6 2.d4 d5 3.Nc3 Nf6 4.e5 Nfd7 5.f4 c5 6.Nf3 Nc6 7.Be3 cxd4 8.Nxd4 Bc5
9.Qd2 Nxd4 10.Bxd4 Bxd4 11.Qxd4 Qb6 12.Nb5 Qxd4 13.Nxd4 a6 14.a4 Nb8 15.h4 Nc6
16.O-O-O Bd7 17.Rh3 Ke7 18.Rg3 Rhg8 19.b3 Nxd4 20.Rxd4 f5 21.Rb4 Bc6 22.a5 g6
23.Kd2 h6 24.Rb6 Rac8 25.b4 Rc7 26.b5 axb5 27.Bxb5 Kd7 28.Bxc6+ bxc6 29.a6 Ra7
30.Rc3 Rc8 31.Rcb3 Rca8 32.Rc3 Rc7 33.Rg3 Rg8 34.Kc3 c5 35.Kd2 c4 36.Kc3 Ke7
37.Kd4 Kf7 38.Ra3 Ke7 39.Ra5 Rgc8 40.c3 Ra8 41.Rc5 Rac8 42.Rb7 Kd8 43.Rcxc7 Rxc7
44.a7 Rc8 45.Rb8  1-0

[Event "St Cugat op"]
[Site "St Cugat"]
[Date "1993.??.??"]
[Round "3"]
[White "Gomez, Adalberto"]
[Black "Picanol, Antonio"]
[Result "0-1"]
[WhiteElo "2315"]
[BlackElo "2220"]

1.e4 e6 2.d4 d5 3.Nc3 Nf6 4.e5 Nfd7 5.f4 c5 6.Nf3 Nc6 7.Be3 a6 8.Qd2 b5 9.dxc5 Bxc5
10.Bxc5 Nxc5 11.Nd4 Nxd4 12.Qxd4 Qc7 13.Bd3 O-O 14.O-O Nxd3 15.cxd3 Qa7 16.Qxa7 Rxa7
17.b4 Bd7 18.a3 f6 19.Ne2 a5 20.Nd4 Rfa8 21.Nb3 axb4 22.axb4 Ra4 23.Rxa4 bxa4
24.Nc5 Bb5 25.Ra1 Kf7 26.Kf2 Rb8 27.Ke3 Bc6 28.Rb1 a3 29.Ra1 Rxb4 30.d4 g5
31.f5 fxe5 32.fxe6+ Ke7 33.Rxa3 Rxd4 34.Ra7+ Kd6 35.e7 Kxc5 36.Rc7 Kd6 37.Rxc6+ Kxe7
38.Rh6 Rh4  0-1

[Event "Stockerau op"]
[Site "Stockerau"]
[Date "1993.??.??"]
[Round "5"]
[White "Medvegy, Nora"]
[Black "Kacheishvili, Giorgi"]
[Result "0-1"]
[WhiteElo "2115"]
[BlackElo "2395"]

1.e4 e6 2.d4 d5 3.Nc3 Nf6 4.e5 Nfd7 5.Nf3 c5 6.dxc5 Nc6 7.Bf4 Bxc5 8.Bd3 Be7
9.O-O g5 10.Bg3 h5 11.h3 g4 12.hxg4 hxg4 13.Nh2 Bh4 14.Qxg4 Ndxe5 15.Bxh4 Qxh4
16.Qxh4 Rxh4 17.f4 Nxd3 18.cxd3 Nd4 19.Nf3 Nxf3+ 20.Rxf3 Bd7 21.f5 Ke7 22.fxe6 fxe6
23.Re1 Kd6 24.Ree3 a5 25.Rh3 Rb4 26.Re2 b5 27.Kf2 Rg4 28.Nd1 d4 29.Kg1 Bc6
30.Kh2 Rf8 31.g3 Bf3 32.Rf2 Rgg8 33.Rf1 Bg4 34.Nf2 Bxh3 35.Kxh3 Kd5 36.Kg2 Rh8
37.Re1 Rc8 38.Re2 Rc1 39.a3 Rhc8 40.g4 R8c2 41.Rxc2 Rxc2  0-1

[Event "SWE-chT 9394"]
[Site "SWE"]
[Date "1993.??.??"]
[Round "1"]
[White "Dircks, Jorgen"]
[Black "Larsson, Per"]
[Result "1-0"]
[WhiteElo "2215"]
[BlackElo "2355"]

1.e4 e6 2.d4 d5 3.Nc3 Nf6 4.e5 Nfd7 5.f4 c5 6.Nf3 Nc6 7.Be3 cxd4 8.Nxd4 Qb6
9.a3 Bc5 10.Ncb5 Nxd4 11.Bxd4 O-O 12.b4 Bxd4 13.Qxd4 f6 14.Bd3 fxe5 15.Qxb6 Nxb6
16.fxe5 a5 17.Ke2 axb4 18.axb4 Rxa1 19.Rxa1 Rf4 20.Nd6 Bd7 21.c3 Na4 22.Ke3 g5
23.g3 Rf8 24.c4 dxc4 25.Bxc4 b6 26.Ne4 b5 27.Bb3 Kg7 28.Bxa4 bxa4 29.Nc5 Rf7
30.Rd1 Bb5 31.Nxe6+ Kg6 32.Nd4 Bc4 33.Ra1 Ra7 34.Ra3 Kf7 35.Ke4 h5 36.h3 Kg6
37.h4 gxh4 38.gxh4 Ra8 39.b5 Rb8 40.Rxa4 Bxb5 41.Nxb5 Rxb5 42.Ra6+ Kf7 43.Kf5 Rb4
44.Ra7+ Kf8 45.Kg5 Re4 46.Ra5 Ke7 47.Kxh5 Ke6 48.Kg5 Re1 49.h5 Rg1+ 50.Kh6 Rg2
51.Kh7 Rg1 52.h6 Rg2 53.Kh8 Rg1 54.h7 Kf7 55.Ra7+ Kf8 56.Ra8+ Kf7 57.e6+ Kf6
58.Rf8+ Ke7 59.Rg8  1-0

[Event "SWE-chT 9293"]
[Site "SWE"]
[Date "1993.??.??"]
[Round "7"]
[White "Barkhagen, Jonas"]
[Black "Renman, Nils Gustaf"]
[Result "1-0"]
[WhiteElo "2380"]
[BlackElo "2375"]

1.e4 e6 2.d4 d5 3.Nc3 Nf6 4.e5 Nfd7 5.f4 c5 6.Nf3 Nc6 7.Be3 a6 8.Qd2 b5 9.dxc5 Bxc5
10.Bxc5 Nxc5 11.Qf2 Qb6 12.Bd3 b4 13.Ne2 a5 14.O-O Ba6 15.Kh1 Rb8 16.Bxa6 Nxa6
17.Qh4 O-O 18.f5 exf5 19.Ng3 Qd8 20.Qf4 Nc5 21.Nxf5 Ne6 22.Qg4 Kh8 23.Rad1 g6
24.Ne3 Rb5 25.Qg3 h5 26.Rd2 Rc5 27.b3 d4 28.Nc4 Kh7 29.Nd6 Rc3 30.Ne4 Re3
31.Nf6+ Kh8 32.Re1 Rxe1+ 33.Qxe1 Qe7 34.g4 Qb7 35.Rg2 Nf4 36.Qd2 g5 37.Nxg5 Nxg2
38.Nxf7+ Kg7 39.Qh6+ Kxf7 40.Qh7+ Ke6 41.Qxb7 Nxe5 42.Qb6+  1-0

[Event "UZB-ch"]
[Site "?"]
[Date "1993.??.??"]
[Round "5"]
[White "Ziatdinov, Raset"]
[Black "Barsov, Alexei"]
[Result "1-0"]
[WhiteElo "2455"]
[BlackElo "2440"]

1.e4 e6 2.d4 d5 3.Nc3 Nf6 4.e5 Nfd7 5.f4 c5 6.Nf3 Nc6 7.Be3 Qb6 8.Na4 Qa5+
9.c3 cxd4 10.b4 Nxb4 11.cxb4 Bxb4+ 12.Bd2 Bxd2+ 13.Nxd2 g5 14.Rb1 gxf4 15.Bb5 Kf8
16.O-O Nxe5 17.Rxf4 a6 18.Qh5 Ng6 19.Qh6+ Ke7 20.Qg5+ Kf8 21.Rbf1 Qxb5 22.Rxf7+ Ke8
23.Rxh7 Rxh7 24.Qxg6+ Kd8 25.Qxh7 Bd7 26.Qh8+ Be8 27.Qf6+ Kc7 28.Qe5+  1-0

[Event "Voskresensk2"]
[Site "Voskresensk"]
[Date "1993.??.??"]
[Round "?"]
[White "Kozlov, Vladimir N"]
[Black "Kiriakov, Petr"]
[Result "1/2-1/2"]
[WhiteElo "2280"]
[BlackElo "2385"]

1.e4 e6 2.d4 d5 3.Nc3 Nf6 4.e5 Nfd7 5.f4 c5 6.Nf3 Nc6 7.Be3 a6 8.Qd2 b5 9.dxc5 Bxc5
10.O-O-O Qb6 11.Bxc5 Nxc5 12.Bd3 b4 13.Ne2 Qa5 14.Kb1 b3 15.cxb3 Nb4 16.a3 Ncxd3
17.Nc1 Nxc1 18.Rxc1 Bd7 19.Qxb4 Qxb4 20.axb4 Rb8 21.Rhd1 Rxb4 22.Nd4 Rb7
23.Rc5 Ke7 24.Kc2 f6 25.Ra1 g5 26.exf6+ Kd6 27.Rca5 gxf4 28.Rxa6+ Ke5 29.Nxe6 Rc8+
30.Kd2 Bxe6 31.Re1+ Kxf6 32.Rexe6+ Kf5 33.Rf6+ Kg5 34.Rfd6 Rxb3 35.Rxd5+ Kg4
36.Ra2 Rc6 37.Kd1 Rh6 38.Kc2 Re3 39.h3+ Kg3 40.Rg5+  1/2-1/2

[Event "Zagreb Vukovar"]
[Site "Zagreb"]
[Date "1993.??.??"]
[Round "5"]
[White "Rogulj, Branko"]
[Black "Mohr, Georg"]
[Result "1-0"]
[WhiteElo "2415"]
[BlackElo "2435"]

1.e4 e6 2.d4 d5 3.Nc3 Nf6 4.e5 Nfd7 5.f4 c5 6.Nf3 Nc6 7.Be3 a6 8.Qd2 cxd4
9.Nxd4 Bc5 10.Nce2 Nxd4 11.Nxd4 Nb8 12.c3 Nc6 13.Be2 Bd7 14.Nf5 Bf8 15.Nd6+ Bxd6
16.exd6 O-O 17.O-O Qb8 18.Bc5 b6 19.Ba3 f5 20.b3 b5 21.Bc5 Na5 22.Qd4 Nb7
23.Ba3 Nxd6 24.Qc5 Ne4 25.Qxf8+ Qxf8 26.Bxf8 Nxc3 27.Bd6 Nxe2+ 28.Kf2 Nd4
29.Rac1 Nc6 30.Rc5 Kf7 31.Rfc1 Rc8 32.a4 bxa4 33.bxa4 h6 34.Rb1 a5 35.Rb7 Ke8
36.Rc7 Rxc7 37.Bxc7 Ke7 38.Ke3 d4+ 39.Kd2 g5 40.g3 Be8 41.Bxa5 Kd6 42.Bb6 gxf4
43.gxf4 e5 44.a5 e4 45.Rxf5 e3+ 46.Ke1 Bd7 47.Rf6+ Kd5 48.a6 Ke4 49.Rd6  1-0

[Event "Zalakaros op"]
[Site "Zalakaros"]
[Date "1993.??.??"]
[Round "7"]
[White "Semenova, Irina"]
[Black "Szittar, Antal"]
[Result "1/2-1/2"]
[WhiteElo "2215"]
[BlackElo "2205"]

1.e4 e6 2.d4 d5 3.Nc3 Nf6 4.e5 Nfd7 5.f4 c5 6.Nf3 Nc6 7.Be3 cxd4 8.Nxd4 Nxd4
9.Bxd4 Nb8 10.Be2 Nc6 11.O-O Bd7 12.Kh1 Bb4 13.a3 Nxd4 14.axb4 Nxe2 15.Qxe2 O-O
16.Rf3 f5 17.Rh3 g6 18.Qe3 a5 19.b5 Qc7 20.Rg3 Rfc8 21.Rc1 a4 22.Ne2 Bxb5
23.Nd4 Bd7 24.h4 Kf7 25.h5 Rg8 26.Rh3 b5 27.Qg3 Qd8 28.Nf3 h6 29.hxg6+ Rxg6
30.Qf2 b4 31.Qd4 Qa5 32.Nd2 Qa7 33.Qxb4 Rb8 34.Qc3 Qf2 35.Rg1 Rc8 36.Qd3 Qxf4
37.Nf3 Rcg8 38.Rh4 Rg4 39.g3 Rxh4+ 40.Nxh4 Qxe5 41.Kh2 Rg4 42.Kh3 Qd4 43.Nf3 Qxd3
44.cxd3 Rb4 45.Rg2 Kf6 46.d4 Bb5 47.Rd2 Rb3 48.Kg2 Rd3 49.Rxd3 Bxd3 50.Ne5 Bb5
51.Kf3 Be8 52.Kf4 Ke7 53.Nd3 Kd6 54.Ne5 Bh5 55.Nd3 Be2 56.Ne5 Kc7 57.Nf7 Kb6
58.Nd8 Kb5 59.Nxe6 Kc4 60.Kxf5 Bd1 61.Ke5 Kb3 62.Nc5+ Kxb2 63.Nxa4+ Bxa4
64.Kxd5 Kc3 65.Ke5 Kc4 66.g4 Bd7 67.Kf4  1/2-1/2

[Event "Zaragoza op"]
[Site "Zaragoza"]
[Date "1993.??.??"]
[Round "?"]
[White "Kolev, Aleksandar"]
[Black "Foisor, Ovidiu"]
[Result "1/2-1/2"]
[WhiteElo "2345"]
[BlackElo "2425"]

1.e4 e6 2.d4 d5 3.Nc3 Nf6 4.e5 Nfd7 5.f4 c5 6.Nf3 Nc6 7.Be3 a6 8.Qd2 b5 9.dxc5 Bxc5
10.Bxc5 Nxc5 11.Bd3 Qb6 12.Qf2 b4 13.Ne2 a5 14.O-O Ba6 15.Rac1 Ne7 16.Kh1 Rc8
17.Ng3 g6 18.Rfd1 h5 19.Nf1 Qb7 20.Rb1 Ne4 21.Bxe4 dxe4 22.Nd4 Bxf1 23.Rxf1 Nf5
24.Nxf5 exf5 25.Rfd1 O-O 26.Rd2 Rfd8 27.Rbd1 Rxd2 28.Rxd2 Qc6 29.h3 Qc4 30.Kh2 Qxa2
31.b3 Qb2 32.Qb6 Qc3 33.Rd8+ Rxd8 34.Qxd8+ Kg7 35.Qf6+ Kg8 36.Qd8+ Kg7 37.Qf6+ Kg8  1/2-1/2

[Event "Zaragoza op"]
[Site "Zaragoza"]
[Date "1993.??.??"]
[Round "?"]
[White "De la Riva Aguado, Oscar"]
[Black "Ulibin, Mikhail"]
[Result "1/2-1/2"]
[WhiteElo "2400"]
[BlackElo "2560"]

1.e4 e6 2.d4 d5 3.Nc3 Nf6 4.e5 Nfd7 5.f4 c5 6.Nf3 Nc6 7.Be3 a6 8.Qd2 b5 9.dxc5 Bxc5
10.Bxc5 Nxc5 11.Qf2 Qb6 12.Bd3 Rb8 13.O-O Na4 14.Nxa4 bxa4 15.b3 Bd7 16.bxa4 Qxf2+
17.Kxf2 Rb4 18.Ke3 Ke7 19.Rfb1 Rhb8 20.Nd2 Rxa4 21.Rxb8 Nxb8 22.Rb1 Nc6 23.Rb7 Rxa2
24.Nb3 Na5 25.Nxa5 Rxa5 26.Ra7 h6  1/2-1/2

[Event "Zillertal op"]
[Site "Zillertal"]
[Date "1993.??.??"]
[Round "?"]
[White "Lanka, Zigurds"]
[Black "Glek, Igor V"]
[Result "1-0"]
[WhiteElo "2545"]
[BlackElo "2545"]

1.e4 e6 2.d4 d5 3.Nc3 Nf6 4.e5 Nfd7 5.Nce2 c5 6.c3 Nc6 7.f4 Qb6 8.Nf3 f6
9.a3 Be7 10.b4 cxb4 11.cxb4 a5 12.b5 Qxb5 13.Nc3 Qb6 14.Rb1 Qd8 15.Bd3 f5
16.h3 h5 17.Rg1 h4 18.Kf1 Nf8 19.Qc2 Kf7 20.g4 hxg3 21.Rxg3 g6 22.Nb5 Bd7
23.h4 b6 24.Be3 Be8 25.Kg2 Na7 26.Ng5+ Kg8 27.Nc7 Rc8 28.Rc1 Bxg5 29.Rxg5 Rh7
30.Bxf5 Rhxc7 31.Qd3 Rxc1 32.Bxg6 Qxg5+ 33.fxg5 Bxg6 34.Qa6 R1c2+ 35.Kg3 R2c3
36.Kf4  1-0

[Event "Aarhus op"]
[Site "Aarhus"]
[Date "1994.??.??"]
[Round "2"]
[White "Rewitz, Poul"]
[Black "Hansen, Lars"]
[Result "1-0"]
[WhiteElo "2285"]
[BlackElo "2265"]

1.e4 e6 2.d4 d5 3.Nc3 Nf6 4.e5 Nfd7 5.f4 c5 6.Nf3 Nc6 7.Be3 a6 8.Qd2 b5 9.dxc5 Bxc5
10.Bxc5 Nxc5 11.b4 Ne4 12.Nxe4 dxe4 13.Qxd8+ Kxd8 14.Ng5 Nxb4 15.Rb1 Nxc2+
16.Kd1 Ne3+ 17.Kd2 Nxf1+ 18.Rhxf1 Ke7 19.Nxe4 Bb7 20.Nd6 Bd5 21.a3 Rad8 22.Kc3 Rd7
23.Kb4 Bxg2 24.Rg1 Be4 25.Rbc1 g6 26.Ka5 Bd3 27.Nc8+ Rxc8 28.Rxc8 Rd4 29.Kb6 b4
30.axb4 Rxb4+ 31.Ka7 Rxf4 32.Rgc1 Rd4 33.Rh8 h5 34.Rcc8 Bb5 35.Rc7+ Rd7 36.Kb6 Rxc7
37.Kxc7 Bd3 38.h4 Be4 39.Ra8 Bd3 40.Rh8 Bf1 41.Rg8 Bc4 42.Kb6 Bb5 43.Ka5 Be8
44.Kxa6 f6 45.exf6+ Kf7 46.Rh8 e5 47.Ka5 Bc6 48.Rd8 Bg2 49.Kb4 Kxf6 50.Rf8+ Kg7
51.Rf2 Bh1 52.Kc5 e4 53.Kd4 Bf3 54.Ke5 Kf7 55.Ra2 Ke7 56.Ra7+ Kd8 57.Kd6 Ke8
58.Re7+ Kf8 59.Ke6 Bg4+ 60.Kf6 Bf5 61.Rg7 Ke8 62.Rf7 Kd8 63.Re7 Kc8 64.Ke5 Kb8
65.Kd6 Ka8 66.Re8+ Kb7 67.Rf8 Bg4 68.Re8 Bf5 69.Re5 Kb6 70.Rc5 Bg4 71.Rc3 Kb5
72.Kd5 Kb4 73.Rc4+ Kb5 74.Rc3 Kb4 75.Kd4 Bf5 76.Rc6 Kb3 77.Rc7 Kb2 78.Rc3 Ka2
79.Kc4 Kb2 80.Kd4 Ka2 81.Ke3 Kb2 82.Kd2 Be6 83.Rc6 e3+ 84.Kxe3 Bf5 85.Kf4 Kb3
86.Kg5 Kb4 87.Rxg6 Bg4 88.Rh6 Kc4 89.Rxh5 Bxh5 90.Kxh5 Kd5 91.Kg6 Ke6 92.h5 Ke7
93.Kg7  1-0

[Event "Aarhus-A"]
[Site "Aarhus"]
[Date "1994.??.??"]
[Round "4"]
[White "Rewitz, Poul"]
[Black "Pedersen, Jan"]
[Result "0-1"]
[WhiteElo "2285"]
[BlackElo "2305"]

1.e4 e6 2.d4 d5 3.Nc3 Nf6 4.e5 Nfd7 5.f4 c5 6.Nf3 Nc6 7.Be3 cxd4 8.Nxd4 Nxd4
9.Bxd4 Nb8 10.Qd2 Nc6 11.Bb5 Bd7 12.Bxc6 Bxc6 13.a4 a6 14.O-O g6 15.Qf2 Rc8
16.g4 h5 17.f5 Qg5 18.fxe6 Qxg4+ 19.Kh1 Qxe6 20.Ne2 g5 21.Ng3 Bd7 22.c3 h4
23.Nf5 Qxf5 24.Qxf5 Bxf5 25.Rxf5 Be7 26.h3 Rh7 27.Rd1 Kd7 28.Kg2 Ke6 29.Rdf1 Rg8
30.R5f3 g4 31.hxg4 Rxg4+ 32.Kh3 Rhg7 33.Re3 Rg3+ 34.Rxg3 Rxg3+ 35.Kh2 Rd3
36.Rf2 b5 37.axb5 axb5 38.b4 Bg5 39.Kg2 Rd2 40.Rxd2 Bxd2 41.Kh3 Be1 42.Kg4 Bg3  0-1

[Event "Alcobendas"]
[Site "Alcobendas"]
[Date "1994.??.??"]
[Round "4"]
[White "Hernandez Padron, Sergio"]
[Black "Rojo Huerta, Gabriel"]
[Result "1-0"]
[WhiteElo "2170"]
[BlackElo "2370"]

1.e4 e6 2.d4 d5 3.Nc3 Nf6 4.e5 Nfd7 5.f4 c5 6.Nf3 Nc6 7.Be3 Qb6 8.Na4 Qa5+
9.c3 b6 10.Kf2 Ba6 11.Bxa6 Qxa6 12.Rf1 Be7 13.g3 Rc8 14.Kg2 O-O 15.Rf2 Rc7
16.g4 Rfc8 17.f5 cxd4 18.cxd4 Nb4 19.Nc3 Nd3 20.Qf1 Nb8 21.Rd2 Nxb2 22.Qxa6 Nxa6
23.Nxd5 exd5 24.Rxb2 Rc2+ 25.Rxc2 Rxc2+ 26.Kg3 Nb4 27.a4 Nd3 28.g5 Bb4 29.f6 Re2
30.Bg1 h6 31.h4 Kh7 32.fxg7 Kxg7 33.gxh6+ Kxh6 34.Rf1 Kh5 35.Ng5 Be1+ 36.Kf3 Ra2
37.Nxf7 Bxh4 38.Be3 Ne1+ 39.Kf4 Ng2+ 40.Kf3 Nxe3 41.Kxe3 Ra3+ 42.Kf4 Rxa4
43.e6 Rxd4+ 44.Kf5 Rd2 45.Ne5 Rg2 46.Nf3 Rg8 47.e7 Re8 48.Rh1 Kh6 49.Rxh4+ Kg7
50.Ke6  1-0

[Event "Alushta1"]
[Site "Alushta"]
[Date "1994.??.??"]
[Round "1"]
[White "Kuzmin, Gennadi P"]
[Black "Lempert, Igor"]
[Result "1/2-1/2"]
[WhiteElo "2505"]
[BlackElo "2495"]

1.e4 e6 2.d4 d5 3.Nc3 Nf6 4.e5 Nfd7 5.Nce2 c5 6.c3 Nc6 7.Nf3 cxd4 8.cxd4 f6
9.exf6 Nxf6 10.Nc3 Bd6 11.Bb5 O-O 12.O-O Qc7 13.h3 Bd7 14.Be3 a6 15.Bxc6 Bxc6
16.Re1 Rae8 17.a3 Nd7 18.Rc1 Qb8 19.Rc2 Rf5 20.Bc1 e5 21.dxe5 Nxe5 22.Nd4 Rf6
23.Rce2 Ref8 24.Qb3 Nc4 25.Ne4 Rg6 26.Nxd6 Qxd6 27.Qc3 Bd7 28.Re7 Qf6 29.Nf3 Qxc3
30.bxc3 Bxh3 31.Nh4 Rg4 32.g3 Re4 33.R1xe4 dxe4 34.Rxe4 b5 35.g4 Rd8 36.Bg5 Rd3
37.Nf5 h6 38.Bh4 h5 39.Re8+ Kf7 40.Re7+ Kf8 41.Rxg7 Bxg4 42.Be7+ Ke8 43.Rg8+ Kf7
44.Rg7+ Ke6 45.Nd4+ Ke5 46.Bb4 a5 47.Bc5 Rxc3 48.Nxb5 Rd3 49.Re7+ Kd5 50.Rc7 Ne5
51.Be3 Nf3+ 52.Kg2 h4 53.Rc1 Rb3 54.a4 Rb4 55.Rc5+ Ke6 56.Rc6+ Ke5 57.Rc5+ Kf6
58.Nc3 h3+ 59.Kh1 Ke6 60.Rxa5 Rb3 61.Ra6+ Kf7 62.Ra7+ Kg6 63.Ra6+ Kf7 64.Ra7+ Ke8  1/2-1/2

[Event "Alushta1"]
[Site "Alushta"]
[Date "1994.??.??"]
[Round "9"]
[White "Tosic, Miroslav"]
[Black "Lempert, Igor"]
[Result "1/2-1/2"]
[WhiteElo "2445"]
[BlackElo "2495"]

1.d4 e6 2.e4 d5 3.Nc3 Nf6 4.e5 Nfd7 5.f4 c5 6.Nf3 Nc6 7.Be3 cxd4 8.Nxd4 Bc5
9.Qd2 O-O 10.O-O-O a6 11.Kb1 Nxd4 12.Bxd4 b5 13.h4 b4 14.Na4 Bxd4 15.Qxd4 a5
16.h5 Ba6 17.f5 Qc7 18.h6 Rfc8 19.Bxa6 Qxc2+ 20.Ka1 Rxa6 21.Qg4 g6 22.fxg6 Qxg6
23.Qf4 Rac6 24.b3 Rc2 25.g4 f6 26.exf6 Qxf6+ 27.Qxf6 Nxf6 28.Kb1 Ne4 29.Rhg1 Rh2
30.g5 Nc3+ 31.Nxc3 bxc3 32.Rdf1 d4 33.g6 d3 34.gxh7+ Kh8 35.Rc1 c2+ 36.Kb2 d2
37.Rg8+ Rxg8 38.hxg8=Q+ Kxg8 39.Rg1+ Kh7 40.Kxc2 Kxh6 41.Rg8  1/2-1/2

[Event "Alushta3"]
[Site "Alushta"]
[Date "1994.??.??"]
[Round "9"]
[White "Kruppa, Yuri"]
[Black "Fish, Gannadij"]
[Result "1-0"]
[WhiteElo "2505"]
[BlackElo "2445"]

1.e4 e6 2.d4 d5 3.Nc3 Nf6 4.e5 Nfd7 5.f4 c5 6.Nf3 Nc6 7.Be3 cxd4 8.Nxd4 Bc5
9.Qd2 a6 10.O-O-O O-O 11.Kb1 Nxd4 12.Bxd4 b5 13.Qe3 Qc7 14.Bd3 b4 15.Qh3 g6
16.Ne2 a5 17.Qe3 Ba6 18.h4 Rfc8 19.h5 Nf8 20.hxg6 fxg6 21.g4 a4 22.Rc1 Bc4
23.f5 b3 24.fxg6 hxg6 25.a3 bxc2+ 26.Rxc2 Bxd4 27.Nxd4 Bxd3 28.Qxd3 Qxe5
29.Re2 Qf6 30.g5 Qxg5 31.Nxe6 Qf5 32.Qxf5 gxf5 33.Nf4 Ra7 34.Nxd5 Rc5 35.Re5 Kf7
36.Rxf5+ Ke6 37.Rhh5 Raa5 38.Nc7+ Kd6 39.Ne8+ Kc6 40.Rf6+  1-0

[Event "Amstelveen"]
[Site "Amstelveen"]
[Date "1994.??.??"]
[Round "5"]
[White "Van de Oudeweetering, Arthur"]
[Black "Breutigam, Martin"]
[Result "1-0"]
[WhiteElo "2325"]
[BlackElo "2340"]

1.e4 e6 2.d4 d5 3.Nc3 Nf6 4.e5 Nfd7 5.Nf3 c5 6.Bb5 Nc6 7.O-O cxd4 8.Nxd4 Nxd4
9.Qxd4 a6 10.Bxd7+ Bxd7 11.Re1 Rc8 12.Be3 Rc4 13.Qd2 Qc7 14.Bd4 Be7 15.Rac1 O-O
16.Ne2 Rc8 17.c3 a5 18.Ng3 b5 19.Nh5 b4 20.Re3 Bg5 21.f4 Be7 22.Rg3 Rxd4
23.Rxg7+ Kh8 24.Qe1 Rxf4 25.Qg3 Qxe5 26.Rxf7 Rf5 27.Qxe5+ Rxe5 28.Rxe7 Rxh5
29.Rxd7 bxc3 30.bxc3 Rg5 31.Re7 d4 32.c4 e5 33.h4 Rf5 34.Rb1 d3 35.Rbb7 Rd8
36.Rxh7+ Kg8 37.c5 d2 38.Rbg7+ Kf8 39.Rh8+ Kxg7 40.Rxd8 Rf4 41.Rxd2 Rxh4
42.Rc2 Kf6 43.c6 Rh8 44.c7 Rc8 45.Kf2 Ke6 46.Ke3 a4 47.Ke4 a3 48.g4 Kd6 49.g5 Ke6
50.g6  1-0

[Event "AUT-ch"]
[Site "Austria"]
[Date "1994.??.??"]
[Round "9"]
[White "Schlosser, Michael"]
[Black "Raffalt, Manfred"]
[Result "1-0"]
[WhiteElo "2365"]
[BlackElo "2260"]

1.e4 e6 2.d4 d5 3.Nc3 Nf6 4.e5 Ne4 5.Nxe4 dxe4 6.Bc4 c5 7.d5 Nd7 8.dxe6 fxe6
9.Bxe6 Qe7 10.Bf5 Nxe5 11.Bxe4 Bd7 12.Qe2 O-O-O 13.Bd2 Qf7 14.Nf3 Bd6 15.Nxe5 Bxe5
16.O-O Rhe8 17.Bg5 Bc6 18.Qg4+ Rd7 19.Bxc6 bxc6 20.c3 h6 21.Be3 Kb7 22.Bxc5 h5
23.Qa4 Bb8 24.Rfe1 Rxe1+ 25.Rxe1 Qd5 26.Qb3+ Qxb3 27.axb3 Rd2 28.Rb1 g6 29.Be3 Rc2
30.Kf1 Bc7 31.Ke1 Bb6 32.Kd1 Rxf2 33.Bxf2 Bxf2 34.Ke2 Bb6 35.Rf1  1-0

[Event "Bahn-chG"]
[Site "Bad Laasphe"]
[Date "1994.??.??"]
[Round "5"]
[White "Vogel, Georg"]
[Black "Jeurissen, Karel"]
[Result "1-0"]
[WhiteElo "1830"]
[BlackElo "1680"]

1.e4 e6 2.d4 d5 3.Nc3 Nf6 4.e5 Nfd7 5.f4 c5 6.Nf3 Nc6 7.Be3 a6 8.Be2 Be7
9.O-O f6 10.exf6 Bxf6 11.dxc5 O-O 12.Na4 Qa5 13.c3 Qd8 14.Rb1 Rf7 15.b4 Na7
16.c4 dxc4 17.Bxc4 Re7 18.f5 Kh8 19.Nb6 Rb8 20.fxe6 Qe8 21.Bf4 Nxb6 22.cxb6 Nc6
23.Bxb8 Nxb8 24.Nd4 Bxd4+ 25.Qxd4 Nc6 26.Qf4 Qg8 27.b5 axb5 28.Rxb5 Bxe6
29.Bxe6 Rxe6 30.a4 h6 31.Rf5 Kh7 32.Rf8 Rf6 33.Qe4+  1-0